| 000 | 00834nam0a22002771 4500 | ||
|---|---|---|---|
| 001 | v19\rc\1698432 | ||
| 005 | 20250619025949.0 | ||
| 035 | _a(NLR Aleph) 004800812 | ||
| 090 |
_a4827038 _c4827038 |
||
| 100 | _a20061002d1898 |||y0rusy50 ca | ||
| 101 | 0 | _arus | |
| 102 | _aRU | ||
| 105 | _ay z |||cb | ||
| 200 | 1 |
_aСамуил Ганагид _e(Биогр. очерк) _fН. Доскач |
|
| 210 |
_aОдесса _cЯ.Х. Шерман _d1898 |
||
| 215 |
_a54 с. _d19 |
||
| 225 | 1 |
_aЕврейская старина _v№ 28 |
|
| 700 | 1 |
_aДоскач _bН. |
|
| 702 | 1 |
_aГанагид _bС. _f982-1055 _gСамуил _4570 |
|
| 801 | 0 |
_aRU _bNLR _gpsbo |
|
| 801 | 0 |
_aRU _bRuMoRGB _2psbo |
|
| 801 | 1 |
_aRU _bProSoft-M _2rusmarc |
|
| 852 |
_aNLR _j18.283.3.12(№ 28) |
||
| 899 |
_aRuMoRGB _jA 228/902 (№ 28) |
||
| 942 | _cBOOK | ||
| 980 | _aNB | ||